| Поле | Инд. | ПП | Название | Значение |
|---|---|---|---|---|
| Тип записи | a | |||
| Библиографический уровень | b | |||
| 001 | Контрольный номер | fb04f3583cf7462c969d955f8df71cdf | ||
| 005 | Дата корректировки | 20210908160242.9 | ||
| 024 | 80 | a | Стандартный номер | DOI: 10.1088/0954-3899/23/9/003 |
| 040 | a | Служба первич. каталог. | Scopus | |
| 041 | 0_ | a | Код языка текста | rus |
| 097 | a | Костяева О.Г. | ||
| 100 | 1_ | a | Автор | Zhu S. J. |
| 100 | 1_ | a | Автор | Hamilton J. H. |
| 100 | 1_ | a | Автор | Ramayya A. V. |
| 100 | 1_ | q | Полное имя | Оганесян Юрий Цолакович |
| g | Прочие сведения | РИНЦ AuthorID: 21136 (http://elibrary.ru/author_profile.asp?id= 21136); Scopus Author ID: 35401658500 (https://www.scopus.com/authid/detail.uri?authorId=35401658500) | ||
| u | Дополнение | Оганесян Ю. Ц.; Oganessian Yu Ts | ||
| a | Автор | Oganessian Yu. Ts. | ||
| i | 000091251 | |||
| 245 | 10 | a | Заглавие | High spin octupole correlations in the N = 85, 139Xe and 141Ba isotones |
| 773 | 18 | t | Название источника | Journal of Physics G: Nuclear and Particle Physics |
| d | Место и дата издания | 1997 | ||
| g | Прочая информация | V. 23. - № 9. - P. L77 - L83 | ||
| w | Контрольный № источника | ef8e195b47054011a70e823af1bdce48 | ||
| 901 | t | Тип документа | b | |
| 952 | c | Вид литературы | статья в журнале |